000 00704nam a2200289Ia 4500
005 20260324133228.0
008 008 260324s9999 xx 000 0 eng d
020 _a9781315799360
037 _aEBOOK
040 _aCRL
040 _beng
040 _cCRL
041 _2eng
041 _aeng
084 _qCRL
100 _aRichard Alterman; David Kirsch
_91192281
245 0 _aProceedings of the 25th Annual Cognitive Science Society
245 0 _bPart 1 and 2
260 _bTaylor and Francis
260 _c2003
365 _a
365 _b300
856 _uhttp://www.taylorfrancis.com/books/9781315799360
942 _cEBOOK
999 _c1791149
_d1791149